000 00735nam a2200133Ia 4500
008 171212s9999 xx 000 0 und d
020 _a9781922144188
245 _ceditor Hunter, Boyd;Biddle, Nicholas
_aSurvey Analysis for Indigenous Policy in Australia
_bSocial Sciences Perspectives
260 _bANU E Press
_c2012
440 _aCentre for Aboriginal Economic Policy Research (CAEPR)
650 _aAboriginal Australians -- Social conditions; Torres Strait Islanders -- Social conditions; Aboriginal Australians -- Economic conditions; Torres Strait Islanders -- Economic conditions; Quality of life -- Australia; Well-being -- Australia; Social surveys
650 _aSociology
856 _uwww.jstor.org/stable/10.2307/j.ctt24h8br
999 _c351329
_d351329